[Event "DEM U10w 2016"]
[Site "Willingen GER"]
[Date "2016.05.18"]
[Round "6"]
[White "Butenandt, Svenja"]
[Black "Nguyen, Phuong Thao Vivien"]
[Result "1-0"]
[Termination "normal"]
[Board "1"]
[WhiteElo "1451"]
[BlackElo "1578"]
[WhiteClock "00:03:03"]
[BlackClock "00:02:51"]
[PlyCount "79"]
[WhiteFideId "12993859"]
[BlackFideId "16210735"]
[EventCountry "GER"]
[EventRounds "11"]
[EventType "swiss"]
[EventDate "2016.05.14"]

1. e4 c5 2. Nf3 d6 3. d4 cxd4 4. Qxd4 Nc6 5. Bb5 Bd7 6. Bxc6 Bxc6 7. Bg5 Nf6 8.
Nc3 e6 9. O-O-O Be7 10. Qd3 a6 11. Nd4 Qa5 12. Bh4 Bd7 13. Nb3 Qc7 14. f3 Rc8
15. Rhe1 b5 16. Rd2 b4 17. Nd1 Bb5 18. Qd4 a5 19. Bxf6 gxf6 20. g4 Rg8 21. Kb1
Bc4 22. h3 a4 23. Nc1 d5 24. exd5 Bxd5 25. f4 Rd8 26. Qe3 Bc5 27. Qg3 Bxa2+ 28.
Nxa2 Rxd2 29. Qf3 Ke7 30. Rf1 Rgd8 31. h4 Qb6 32. Nc1 R2d7 33. f5 e5 34. g5 Qd6
35. Ne3 Bxe3 36. Qxe3 Rc8 37. gxf6+ Qxf6 38. Nd3 Rd5 39. Nxb4 Rdc5 40. c3 1-0

[Event "DEM U10w 2016"]
[Site "Willingen GER"]
[Date "2016.05.18"]
[Round "6"]
[White "Werner, Rosalie"]
[Black "Schneider, Anna"]
[Result "0-1"]
[Termination "normal"]
[Board "2"]
[WhiteElo "1075"]
[BlackElo "1365"]
[WhiteClock "00:32:30"]
[BlackClock "00:55:55"]
[PlyCount "126"]
[WhiteFideId "16223748"]
[BlackFideId "16200527"]
[EventCountry "GER"]
[EventRounds "11"]
[EventType "swiss"]
[EventDate "2016.05.14"]

1. e4 e5 2. Nf3 Nc6 3. Bb5 a6 4. Bxc6 dxc6 5. d4 exd4 6. Qxd4 Bg4 7. Nbd2 Nf6
8. h3 Bxf3 9. Nxf3 Qxd4 10. Nxd4 Nxe4 11. O-O O-O-O 12. Nf3 g5 13. Nxg5 Nxg5
14. Bxg5 Re8 15. Rad1 Rg8 16. Be3 Bd6 17. a3 f5 18. Kh1 f4 19. Bd2 Ref8 20. Rg1
Rf5 21. c3 Rh5 22. Rdf1 f3 23. Be3 fxg2+ 24. Rxg2 Rxh3+ 25. Kg1 Rf8 26. Re1 h5
27. Kf1 h4 28. Ke2 Rh8 29. Rgg1 Rh2 30. Rh1 Rxh1 31. Rxh1 h3 32. Bd4 Rh5 33. f3
h2 34. Ke3 Kd7 35. Ke4 Ke6 36. f4 Rh4 37. Be3 a5 38. a4 b5 39. b3 bxa4 40. bxa4
c5 41. c4 Rh3 42. Bd2 Kf6 43. Bxa5 Kg6 44. Bd2 Kh5 45. Be1 Kg4 46. a5 Bxf4 47.
a6 Bg3 48. a7 Rh8 49. Ba5 Kh3 50. Kd5 Kg2 51. Kc6 Kxh1 52. Bxc7 Bxc7 53. Kxc7
Kg1 54. Kc6 h1=Q+ 55. Kxc5 Qa8 56. Kb6 Rh6+ 57. Kb5 Qxa7 58. Kb4 Qa6 59. Kc3
Rh4 60. Kd3 Qxc4+ 61. Ke3 Qc3+ 62. Ke2 Rh2+ 63. Kd1 Qa1# 0-1

[Event "DEM U10w 2016"]
[Site "Willingen GER"]
[Date "2016.05.18"]
[Round "6"]
[White "Adelmeyer, Nelly"]
[Black "Zhou, Lepu Coco"]
[Result "1/2-1/2"]
[Termination "normal"]
[Board "3"]
[WhiteElo "1086"]
[BlackElo "1645"]
[WhiteClock "00:44:38"]
[BlackClock "00:40:24"]
[PlyCount "105"]
[WhiteFideId "16203577"]
[BlackFideId "16217136"]
[EventCountry "GER"]
[EventRounds "11"]
[EventType "swiss"]
[EventDate "2016.05.14"]

1. e4 e5 2. Nf3 Nc6 3. d4 exd4 4. Nxd4 Nf6 5. Nc3 Bb4 6. Nxc6 bxc6 7. Bd2 Bxc3
8. Bxc3 d5 9. f3 O-O 10. Be5 Qe7 11. Qd4 Be6 12. Bxf6 Qxf6 13. Qxf6 gxf6 14.
O-O-O dxe4 15. Kb1 exf3 16. gxf3 Rfd8 17. Bg2 Rd6 18. Rxd6 cxd6 19. f4 Rc8 20.
Rd1 d5 21. Rg1 Kf8 22. Rf1 f5 23. Bh3 c5 24. Re1 d4 25. Re5 c4 26. Bxf5 Bxf5
27. Rxf5 Re8 28. a3 Re1+ 29. Ka2 Re2 30. Rd5 Rxh2 31. Rxd4 Rxc2 32. Kb1 Rf2 33.
Rxc4 h5 34. Kc1 h4 35. f5 h3 36. f6 Rxf6 37. Rh4 Rf3 38. Kd2 Rf2+ 39. Kc3 h2
40. b4 f5 41. Kd3 f4 42. Ke4 Kg7 43. Kf5 Kf7 44. Kg4 Kf6 45. a4 Ke5 46. a5 Kd6
47. b5 Kc5 48. Rh5+ Kd6 49. b6 axb6 50. axb6 Kc6 51. Rh6+ Kb7 52. Kg5 Kc8 53.
Rh7 1/2-1/2

[Event "DEM U10w 2016"]
[Site "Willingen GER"]
[Date "2016.05.18"]
[Round "6"]
[White "Bashylina, Luisa"]
[Black "Derling, Charlotte"]
[Result "1-0"]
[Termination "normal"]
[Board "4"]
[WhiteElo "1664"]
[BlackElo "974"]
[WhiteClock "00:41:37"]
[BlackClock "00:00:58"]
[PlyCount "81"]
[WhiteFideId "12983292"]
[BlackFideId "16222237"]
[EventCountry "GER"]
[EventRounds "11"]
[EventType "swiss"]
[EventDate "2016.05.14"]

1. e4 c5 2. Nc3 d6 3. d3 Nf6 4. f4 Nc6 5. Nf3 Bg4 6. g3 g6 7. Bg2 Bg7 8. O-O
O-O 9. h3 Be6 10. g4 d5 11. e5 Ne8 12. Nh4 d4 13. Ne4 f5 14. gxf5 Bxf5 15. Nxc5
Qc8 16. Nxf5 Rxf5 17. Bd5+ Rf7 18. Bxf7+ Kxf7 19. Qf3 e6 20. Bd2 Kg8 21. c3 Bh6
22. cxd4 Nxd4 23. Qxb7 Qxb7 24. Nxb7 Nc6 25. Bc3 Nc7 26. Nc5 Re8 27. Nd7 Nd5
28. Bd2 Kh8 29. Rac1 Nd4 30. Rce1 Nc2 31. Rc1 Nd4 32. Rce1 Nc2 33. Re4 a5 34.
a3 Rc8 35. Rc1 Rc7 36. Nf6 Bf8 37. Nxd5 exd5 38. Ra4 Bc5+ 39. Kh2 Nd4 40. Rxd4
Bxd4 41. Rxc7 1-0

[Event "DEM U10w 2016"]
[Site "Willingen GER"]
[Date "2016.05.18"]
[Round "6"]
[White "Müller, Alina"]
[Black "Becker, Linda"]
[Result "0-1"]
[Termination "normal"]
[Board "5"]
[WhiteElo "1159"]
[BlackElo "1093"]
[WhiteClock "00:01:37"]
[BlackClock "00:53:33"]
[PlyCount "94"]
[WhiteFideId "16265939"]
[BlackFideId "16244753"]
[EventCountry "GER"]
[EventRounds "11"]
[EventType "swiss"]
[EventDate "2016.05.14"]

1. d4 d5 2. c4 e6 3. Nc3 Be7 4. Bf4 a6 5. e3 Nf6 6. Nf3 O-O 7. Bd3 Nbd7 8. O-O
Re8 9. Re1 c6 10. Qc2 Nf8 11. e4 Ng6 12. Bg3 Qd7 13. e5 Nh5 14. Re2 f5 15. h3
Ngf4 16. Bxf4 Nxf4 17. Re3 Nxd3 18. Qxd3 f4 19. Re2 b5 20. c5 a5 21. a4 Ba6 22.
Qd2 b4 23. Nxd5 cxd5 24. Ree1 Rf8 25. Rac1 Bc4 26. b3 Bxb3 27. c6 Qc7 28. Qd3
Bxa4 29. h4 Bxc6 30. Ng5 Bxg5 31. hxg5 g6 32. g3 fxg3 33. Qxg3 Qb6 34. Qh4 b3
35. Rb1 a4 36. Kg2 a3 37. Rh1 Rf7 38. Qh6 a2 39. Ra1 b2 40. Rxa2 Rxa2 41. Rb1
Ra1 42. Rxb2 Qxb2 43. Qh4 Ra2 44. Qg3 Rxf2+ 45. Qxf2 Qxf2+ 46. Kh3 Ra3+ 47. Kg4
Qg3# 0-1

[Event "DEM U10w 2016"]
[Site "Willingen GER"]
[Date "2016.05.18"]
[Round "6"]
[White "Baltic, Sara"]
[Black "Keymer, Cecilia"]
[Result "1-0"]
[Termination "normal"]
[Board "6"]
[WhiteElo "1149"]
[BlackElo "923"]
[WhiteClock "00:10:35"]
[BlackClock "00:19:00"]
[PlyCount "57"]
[WhiteFideId "16210409"]
[BlackFideId "16233468"]
[EventCountry "GER"]
[EventRounds "11"]
[EventType "swiss"]
[EventDate "2016.05.14"]

1. Nf3 d5 2. g3 Nf6 3. Bg2 e6 4. O-O Be7 5. d4 c5 6. c4 O-O 7. b3 Nc6 8. Bb2 a6
9. Nc3 b6 10. a3 Bb7 11. e3 Qc7 12. Qd2 Rac8 13. Rfe1 Rfd8 14. Rac1 Qd6 15. Qc2
Rc7 16. Ne5 dxc4 17. Nxc4 Qd7 18. Nxb6 Qe8 19. dxc5 Bxc5 20. Ne4 Bxb6 21. Bxf6
Rdd7 22. Qb2 Qf8 23. b4 Ne7 24. Bg5 Rd5 25. Bh6 Rxc1 26. Rxc1 Rd7 27. Nf6+ Kh8
28. Nxd7 Qg8 29. Bxb7 1-0

[Event "DEM U10w 2016"]
[Site "Willingen GER"]
[Date "2016.05.18"]
[Round "6"]
[White "Wörz, Ann-Sophie"]
[Black "Breß, Amy Charlize"]
[Result "0-1"]
[Termination "normal"]
[Board "7"]
[WhiteElo "1145"]
[BlackElo "1059"]
[PlyCount "148"]
[WhiteFideId "16265890"]
[BlackFideId "16233786"]
[EventCountry "GER"]
[EventRounds "11"]
[EventType "swiss"]
[EventDate "2016.05.14"]

1. e4 c5 2. Nc3 Nc6 3. Bb5 Nd4 4. Ba4 a6 5. d3 b5 6. Bb3 d6 7. h3 e6 8. Nge2
Ne7 9. Nxd4 cxd4 10. Ne2 Nc6 11. c3 dxc3 12. bxc3 d5 13. O-O Be7 14. Re1 dxe4
15. dxe4 O-O 16. Nd4 Nxd4 17. cxd4 Bb7 18. Bb2 Qd7 19. d5 exd5 20. exd5 Rfe8
21. Qd2 Qd6 22. Qd3 Rad8 23. Rad1 Kh8 24. Bc2 Qg6 25. Qxg6 hxg6 26. Bb3 Rd7 27.
Rd3 Red8 28. Red1 f6 29. h4 Bd6 30. Bc2 Re7 31. Kf1 Rde8 32. R3d2 Rc8 33. Bxg6
Rec7 34. g3 Rd8 35. h5 Be5 36. Bxe5 fxe5 37. d6 Rc6 38. d7 Rc7 39. Ke2 Kg8 40.
Ke3 Kf8 41. Bf5 Ke7 42. g4 Rc3+ 43. Rd3 Rxd3+ 44. Rxd3 Bc6 45. Ra3 Bxd7 46.
Bxd7 Rxd7 47. Rxa6 Rd6 48. Rxd6 Kxd6 49. g5 Ke6 50. f4 Kf5 51. fxe5 Kxe5 52.
Kf3 Kf5 53. Ke3 Kxg5 54. Kd4 Kxh5 55. Kc5 g5 56. Kxb5 g4 57. a4 g3 58. a5 g2
59. a6 g1=Q 60. Ka5 Qg8 61. a7 Qa8 62. Kb6 Kg6 63. Ka6 Kf7 64. Kb6 Ke7 65. Ka6
Kd7 66. Kb6 Kc8 67. Ka6 Qb7+ 68. Ka5 Qxa7+ 69. Kb5 Qd4 70. Kc6 Kb8 71. Kb5 Kb7
72. Ka5 Qb2 73. Ka4 Kc6 74. Ka5 Qb5# 0-1

[Event "DEM U10w 2016"]
[Site "Willingen GER"]
[Date "2016.05.18"]
[Round "6"]
[White "Pohle, Saskia"]
[Black "von Beckh, Frieda"]
[Result "1/2-1/2"]
[Termination "normal"]
[Board "9"]
[WhiteElo "1228"]
[BlackElo "1071"]
[PlyCount "114"]
[WhiteFideId "16201604"]
[BlackFideId "16233751"]
[EventCountry "GER"]
[EventRounds "11"]
[EventType "swiss"]
[EventDate "2016.05.14"]

1. e4 e5 2. Nf3 Nc6 3. d4 exd4 4. Bc4 Bc5 5. c3 Nf6 6. e5 d5 7. Bb5 Ne4 8. cxd4
Bb4+ 9. Bd2 Nxd2 10. Nbxd2 O-O 11. a3 Ba5 12. Bxc6 bxc6 13. O-O Bg4 14. Qc2 Qd7
15. Ng5 Qf5 16. Qxf5 Bxf5 17. b4 Bb6 18. Ngf3 Rfe8 19. Rac1 Re6 20. Rfe1 a5 21.
Ra1 Bg4 22. h3 Bh5 23. Re3 axb4 24. a4 c5 25. dxc5 Bxc5 26. Ree1 Rb8 27. Rec1
Bb6 28. Rab1 Ba5 29. Rc5 Ra6 30. Rxd5 Bg6 31. Rb2 c6 32. Rc5 Bd8 33. Nd4 Rxa4
34. Rxc6 Bg5 35. N2b3 Be4 36. Rc4 Bd3 37. Rc5 h6 38. Ra5 Rxa5 39. Nxa5 Rb6 40.
Nac6 Bf4 41. g3 Bc1 42. Rxb4 Rxb4 43. Nxb4 Bb2 44. Nbc6 Be4 45. Kf1 Kf8 46. Ke2
Ke8 47. f3 Bd5 48. f4 Kd7 49. Nb4 Bc4+ 50. Ke3 Bc1+ 51. Ke4 g6 52. Nd5 f5+ 53.
Nxf5 gxf5+ 54. Kd4 Bxd5 55. Kxd5 h5 56. h4 Ke7 57. e6 Bb2 1/2-1/2

[Event "DEM U10w 2016"]
[Site "Willingen GER"]
[Date "2016.05.18"]
[Round "6"]
[White "Müller, Helene"]
[Black "Gossing, Marie-Sophie"]
[Result "1-0"]
[Termination "normal"]
[Board "10"]
[WhiteElo "1107"]
[BlackElo "808"]
[PlyCount "69"]
[WhiteFideId "16240456"]
[BlackFideId "16217284"]
[EventCountry "GER"]
[EventRounds "11"]
[EventType "swiss"]
[EventDate "2016.05.14"]

1. e4 e5 2. Nf3 Nc6 3. Bc4 Bc5 4. c3 Nf6 5. d4 exd4 6. cxd4 Bb4+ 7. Bd2 O-O 8.
Bxb4 Nxb4 9. Nc3 d5 10. exd5 Nfxd5 11. O-O Re8 12. a3 Nxc3 13. bxc3 Nd5 14. Qb3
c6 15. Rfe1 b5 16. Rxe8+ Qxe8 17. Bxd5 cxd5 18. Qxd5 Be6 19. Qe4 Rd8 20. Ng5 g6
21. Nxe6 Qxe6 22. Qxe6 fxe6 23. Kf1 Kf7 24. Ke2 Ke7 25. Kd3 Kd6 26. a4 bxa4 27.
Rxa4 Rd7 28. Kc4 Rc7+ 29. Kd3 e5 30. Ra5 exd4 31. cxd4 h5 32. Ke4 Rf7 33. f3 h4
34. Ra6+ Kc7 35. Rxa7+ 1-0

[Event "DEM U10w 2016"]
[Site "Willingen GER"]
[Date "2016.05.18"]
[Round "6"]
[White "Bildat, Emilia"]
[Black "Krebs, Elisabeth"]
[Result "1-0"]
[Termination "normal"]
[Board "11"]
[WhiteElo "947"]
[BlackElo "1076"]
[PlyCount "113"]
[WhiteFideId "16218140"]
[EventCountry "GER"]
[EventRounds "11"]
[EventType "swiss"]
[EventDate "2016.05.14"]

1. d4 Nf6 2. Nf3 g6 3. Bf4 Bg7 4. e3 O-O 5. Nbd2 Nc6 6. Be2 d6 7. O-O Qe8 8.
Bg3 e5 9. dxe5 dxe5 10. Ne1 Bf5 11. Qc1 e4 12. Bxc7 Nh5 13. Bd6 Ne7 14. Bxe7
Qxe7 15. Bxh5 gxh5 16. c3 Qg5 17. Kh1 Be5 18. f4 Qg7 19. fxe5 Kh8 20. Rxf5 Rg8
21. Nxe4 Qg4 22. Rf4 Qg6 23. Qc2 Rac8 24. Nf6 Qg7 25. Nxg8 Rxg8 26. Nf3 a5 27.
b4 a4 28. c4 h6 29. Rg1 a3 30. g4 h4 31. g5 h5 32. Rxh4 Rf8 33. Rxh5+ Kg8 34.
Qh7+ Qxh7 35. Rxh7 Kxh7 36. Rc1 Rc8 37. Nd4 Kg6 38. h4 Kh5 39. Nf3 b5 40. c5
Kg4 41. Kg2 Kf5 42. c6 Rc7 43. Nd4+ Kg4 44. Nxb5 Rc8 45. Nd6 Rf8 46. Nxf7 Rxf7
47. c7 Rf8 48. c8=Q+ Rxc8 49. Rxc8 Kh5 50. e6 Kxh4 51. Rh8+ Kxg5 52. Rf8 Kg4
53. Kf1 Kg3 54. Ke2 Kg2 55. Rg8+ Kh2 56. Kf3 Kh3 57. Rh8# 1-0

[Event "DEM U10w 2016"]
[Site "Willingen GER"]
[Date "2016.05.18"]
[Round "6"]
[White "Wimmer, Katharina"]
[Black "Lorenz, Anouk"]
[Result "0-1"]
[Termination "normal"]
[Board "12"]
[WhiteElo "934"]
[BlackElo "1187"]
[PlyCount "40"]
[WhiteFideId "16265947"]
[BlackFideId "12990256"]
[EventCountry "GER"]
[EventRounds "11"]
[EventType "swiss"]
[EventDate "2016.05.14"]

1. e4 c5 2. Nc3 Nc6 3. g3 g6 4. Bg2 Bg7 5. Nf3 Nf6 6. d3 O-O 7. O-O d5 8. exd5
Nxd5 9. Nxd5 Qxd5 10. Re1 Be6 11. Be3 Qd6 12. Qd2 Nd4 13. Nxd4 cxd4 14. Bh6 a6
15. Bxb7 Rab8 16. Bf4 Qb6 17. Bxb8 Qxb7 18. Bf4 Qf3 19. Kf1 Bh3+ 20. Kg1 Qg2#
0-1

[Event "DEM U10w 2016"]
[Site "Willingen GER"]
[Date "2016.05.18"]
[Round "6"]
[White "Engelhardt, Wilhelmine"]
[Black "Antonava, Sviatlana"]
[Result "1-0"]
[Termination "normal"]
[Board "13"]
[WhiteElo "1156"]
[BlackElo "1156"]
[PlyCount "79"]
[WhiteFideId "16245652"]
[BlackFideId "16216806"]
[EventCountry "GER"]
[EventRounds "11"]
[EventType "swiss"]
[EventDate "2016.05.14"]

1. e4 b6 2. d4 Bb7 3. Bd3 Nf6 4. Qe2 e6 5. Nf3 Be7 6. O-O c5 7. c3 O-O 8. Nbd2
Nc6 9. h3 d5 10. b3 cxd4 11. cxd4 dxe4 12. Nxe4 Nxd4 13. Nxd4 Qxd4 14. Bb2 Qd8
15. Rad1 Nxe4 16. Bxe4 Qc7 17. Bxb7 Qxb7 18. Rd2 Rfd8 19. Rfd1 Bg5 20. Rxd8+
Rxd8 21. Rxd8+ Bxd8 22. Qg4 g6 23. Qd4 f6 24. Qxd8+ Kf7 25. Qxf6+ Kg8 26. Qh8+
Kf7 27. Qxh7+ Ke8 28. Qxb7 Kf8 29. Qxa7 b5 30. Qb8+ Ke7 31. Qxb5 Kf7 32. Qd7+
Kf8 33. Ba3+ Kg8 34. Qe7 e5 35. Qf8+ Kh7 36. Bb2 g5 37. Bxe5 Kg6 38. Qf6+ Kh5
39. g4+ Kh4 40. Qh6# 1-0

[Event "DEM U10w 2016"]
[Site "Willingen GER"]
[Date "2016.05.18"]
[Round "6"]
[White "Zöllner, Bente"]
[Black "Feige, Adelina"]
[Result "1-0"]
[Termination "normal"]
[Board "14"]
[WhiteElo "922"]
[BlackElo "795"]
[PlyCount "57"]
[WhiteFideId "16230523"]
[BlackFideId "16265955"]
[EventCountry "GER"]
[EventRounds "11"]
[EventType "swiss"]
[EventDate "2016.05.14"]

1. d4 d5 2. Nf3 Nf6 3. Bg5 Bg4 4. Bxf6 Bxf3 5. Bh4 Bh5 6. g3 Nc6 7. Bh3 g6 8.
g4 g5 9. Bxg5 Bg6 10. Nc3 Bg7 11. e3 Nb4 12. Rc1 Qd7 13. Qe2 c6 14. a3 Na6 15.
Bf4 f6 16. Qf3 e5 17. g5 Bf5 18. Bxf5 Qxf5 19. gxf6 Bxf6 20. dxe5 Bxe5 21. Rg1
Nc5 22. Rg5 Bxc3+ 23. bxc3 Qe4 24. Re5+ Kd8 25. Rxe4 Nxe4 26. Rb1 Nxc3 27. Bg5+
Kc7 28. Qf7+ Kd6 29. Qe7# 1-0

[Event "DEM U10w 2016"]
[Site "Willingen GER"]
[Date "2016.05.18"]
[Round "6"]
[White "Peglau, Dora"]
[Black "Scherf, Alexa"]
[Result "1-0"]
[Termination "normal"]
[Board "16"]
[WhiteElo "1066"]
[BlackElo "922"]
[PlyCount "69"]
[WhiteFideId "16220005"]
[EventCountry "GER"]
[EventRounds "11"]
[EventType "swiss"]
[EventDate "2016.05.14"]

1. e4 c5 2. Nf3 d6 3. g3 Nc6 4. c3 Nf6 5. Qe2 a6 6. Bg2 e5 7. O-O Bg4 8. d3 d5
9. exd5 Nxd5 10. Qe4 Nf6 11. Qe1 Bxf3 12. Bxf3 Qxd3 13. Bxc6+ bxc6 14. Qxe5+
Be7 15. Re1 Ra7 16. Qb8+ Qd8 17. Qxa7 Nd7 18. Bf4 O-O 19. Na3 Re8 20. Rad1 Qb6
21. Rxd7 Qxa7 22. Rxa7 Kf8 23. Nc4 f6 24. Nb6 Kf7 25. Bd6 a5 26. Raxe7+ Rxe7
27. Rxe7+ Kf8 28. Nd7+ Kg8 29. g4 h6 30. Nxc5 Kf8 31. Ne6+ Kg8 32. Rxg7+ Kh8
33. Bf8 f5 34. Nf4 fxg4 35. Ng6# 1-0

[Event "DEM U10w 2016"]
[Site "Willingen GER"]
[Date "2016.05.18"]
[Round "6"]
[White "Wilmink, Anna"]
[Black "Tolpa, Amelie"]
[Result "1/2-1/2"]
[Termination "normal"]
[Board "18"]
[WhiteElo "833"]
[BlackElo "808"]
[PlyCount "45"]
[WhiteFideId "16273680"]
[BlackFideId "16275756"]
[EventCountry "GER"]
[EventRounds "11"]
[EventType "swiss"]
[EventDate "2016.05.14"]

1. e4 e5 2. Nf3 Nc6 3. d4 exd4 4. Nxd4 Bc5 5. Be3 Qf6 6. c3 Nge7 7. Nxc6 Qxc6
8. Bxc5 Qxc5 9. b4 Qb6 10. a3 O-O 11. Bd3 Qg6 12. g3 b6 13. e5 Qc6 14. f3 d6
15. exd6 Qxd6 16. a4 Qe6+ 17. Be2 Qh3 18. Bf1 Qe6+ 19. Be2 Qh3 20. Bf1 Qe6+ 21.
Be2 Qh3 22. Bf1 Qe6+ 23. Be2 1/2-1/2